Dataset Open Access

Data publication: Towards Non-van der Waals 2D Topological Insulators

Lokamani, Mani; Bihlmayer, Gustav; Michalicek, Gregor; Wortmann, Daniel; Blügel, Stefan; Friedrich, Rico


MARC21 XML Export

<?xml version='1.0' encoding='UTF-8'?>
<record xmlns="http://www.loc.gov/MARC21/slim">
  <leader>00000nmm##2200000uu#4500</leader>
  <datafield tag="540" ind1=" " ind2=" ">
    <subfield code="u">https://creativecommons.org/licenses/by/4.0/legalcode</subfield>
    <subfield code="a">Creative Commons Attribution 4.0 International</subfield>
  </datafield>
  <datafield tag="650" ind1="1" ind2="7">
    <subfield code="a">cc-by</subfield>
    <subfield code="2">opendefinition.org</subfield>
  </datafield>
  <datafield tag="260" ind1=" " ind2=" ">
    <subfield code="c">2026-04-09</subfield>
  </datafield>
  <datafield tag="909" ind1="C" ind2="O">
    <subfield code="o">oai:rodare.hzdr.de:4592</subfield>
    <subfield code="p">openaire_data</subfield>
    <subfield code="p">user-fwi</subfield>
    <subfield code="p">user-ibc</subfield>
    <subfield code="p">user-rodare</subfield>
  </datafield>
  <datafield tag="041" ind1=" " ind2=" ">
    <subfield code="a">eng</subfield>
  </datafield>
  <datafield tag="700" ind1=" " ind2=" ">
    <subfield code="a">Bihlmayer, Gustav</subfield>
    <subfield code="u">Peter Grünberg Institut (PGI-1), Forschungszentrum Jülich and JARA, 52425 Jülich, Germany</subfield>
    <subfield code="0">(orcid)0000-0002-6615-1122</subfield>
  </datafield>
  <datafield tag="700" ind1=" " ind2=" ">
    <subfield code="a">Michalicek, Gregor</subfield>
    <subfield code="u">Peter Grünberg Institut (PGI-1), Forschungszentrum Jülich and JARA, 52425 Jülich, Germany</subfield>
    <subfield code="0">(orcid)0000-0003-4719-188X</subfield>
  </datafield>
  <datafield tag="700" ind1=" " ind2=" ">
    <subfield code="a">Wortmann, Daniel</subfield>
    <subfield code="u">Peter Peter Grünberg Institut (PGI-1), Forschungszentrum Jülich and JARA, 52425 Jülich, Germany Institut (PGI-1), Forschungszentrum J ̈ulich and JARA, 52425 J ̈ulich, Germany</subfield>
    <subfield code="0">(orcid)0000-0002-2248-1904</subfield>
  </datafield>
  <datafield tag="700" ind1=" " ind2=" ">
    <subfield code="a">Blügel, Stefan</subfield>
    <subfield code="u">Peter Peter Grünberg Institut (PGI-1), Forschungszentrum Jülich and JARA, 52425 Jülich, Germany Institut (PGI-1), Forschungszentrum J ̈ulich and JARA, 52425 J ̈ulich, Germany</subfield>
    <subfield code="0">(orcid)0000-0001-9987-4733</subfield>
  </datafield>
  <datafield tag="700" ind1=" " ind2=" ">
    <subfield code="a">Friedrich, Rico</subfield>
    <subfield code="u">Institute of Ion Beam Physics and Materials Research, Helmholtz-Zentrum Dresden-Rossendorf, 01328 Dresden, Germany and Theoretical Chemistry, Technische Universität Dresden, 01062 Dresden, Germany</subfield>
    <subfield code="0">(orcid)0000-0002-4066-3840</subfield>
  </datafield>
  <datafield tag="542" ind1=" " ind2=" ">
    <subfield code="l">open</subfield>
  </datafield>
  <datafield tag="245" ind1=" " ind2=" ">
    <subfield code="a">Data publication: Towards Non-van der Waals 2D Topological Insulators</subfield>
  </datafield>
  <controlfield tag="005">20260409112207.0</controlfield>
  <datafield tag="100" ind1=" " ind2=" ">
    <subfield code="a">Lokamani, Mani</subfield>
    <subfield code="u">Department of Information Services and Computing, Helmholtz-Zentrum Dresden-Rossendorf, 01328 Dresden, Germany</subfield>
    <subfield code="0">(orcid)0000-0001-8679-5905</subfield>
  </datafield>
  <datafield tag="773" ind1=" " ind2=" ">
    <subfield code="a">10.17815/jlsrf-3-159</subfield>
    <subfield code="i">cites</subfield>
    <subfield code="n">doi</subfield>
  </datafield>
  <datafield tag="773" ind1=" " ind2=" ">
    <subfield code="a">https://www.hzdr.de/publications/Publ-43232</subfield>
    <subfield code="i">isIdenticalTo</subfield>
    <subfield code="n">url</subfield>
  </datafield>
  <datafield tag="773" ind1=" " ind2=" ">
    <subfield code="a">https://www.hzdr.de/publications/Publ-43233</subfield>
    <subfield code="i">isReferencedBy</subfield>
    <subfield code="n">url</subfield>
  </datafield>
  <datafield tag="773" ind1=" " ind2=" ">
    <subfield code="a">10.14278/rodare.4591</subfield>
    <subfield code="i">isVersionOf</subfield>
    <subfield code="n">doi</subfield>
  </datafield>
  <datafield tag="520" ind1=" " ind2=" ">
    <subfield code="a">&lt;p&gt;This dataset includes the primary research data for the publication &amp;quot;Towards Non-van der Waals 2D Topological Insulators&amp;quot;&lt;/p&gt;</subfield>
  </datafield>
  <datafield tag="980" ind1=" " ind2=" ">
    <subfield code="a">user-fwi</subfield>
  </datafield>
  <datafield tag="980" ind1=" " ind2=" ">
    <subfield code="a">user-ibc</subfield>
  </datafield>
  <datafield tag="980" ind1=" " ind2=" ">
    <subfield code="a">user-rodare</subfield>
  </datafield>
  <controlfield tag="001">4592</controlfield>
  <datafield tag="856" ind1="4" ind2=" ">
    <subfield code="s">4667676021</subfield>
    <subfield code="u">https://rodare.hzdr.de/record/4592/files/primary_data.tar.gz</subfield>
    <subfield code="z">md5:70868f2137490f63766ed17a9b6e17fe</subfield>
  </datafield>
  <datafield tag="980" ind1=" " ind2=" ">
    <subfield code="a">dataset</subfield>
  </datafield>
  <datafield tag="024" ind1=" " ind2=" ">
    <subfield code="a">10.14278/rodare.4592</subfield>
    <subfield code="2">doi</subfield>
  </datafield>
</record>
44
3
views
downloads
All versions This version
Views 4444
Downloads 33
Data volume 14.0 GB14.0 GB
Unique views 3939
Unique downloads 33

Share

Cite as